000 00363 a2200169 4500
001 183116
020 _a
040 _cMagnum
100 _aVieira, Thereza Freire
240 1 0 _aAcampamento de bonecas
_lpor
245 1 0 _aAcampamento de bonecas
300 _a135
362 0 _a1992
440 1 _aNova Fronteira
697 _aLITERATURA GERAL
942 _cBK
999 _c183116
_d183116